Statistics for Borussia Dortmund 1996/97 squad

Click here to take the quiz!

General Stats

  • This quiz has been taken 8 times
  • The average score is 9 of 26

Answer Stats

Shirt no.Player% Correct
6Matthias Sammer
88%
15Jürgen Kohler
75%
18Lars Ricken
75%
13Karl-Heinz Riedle
63%
1Stefan Klos
63%
10Andreas Möller
50%
11Heiko Herrlich
50%
17Jörg Heinrich
50%
5Júlio César
50%
Ottmar Hitzfeld
50%
14Paul Lambert
50%
9Stéphane Chapuisat
50%
8Michael Zorc
38%
19Paulo Sousa
38%
7Stefan Reuter
38%
16Martin Kree
25%
22Ibrahim Tanko
13%
2Knut Reinhardt
13%
4Steffen Freund
13%
29Vladimir But
13%
12Wolfgang de Beer
13%
27Wolfgang Feiersinger
13%
21Christian Timm
0%
24Dennis Weiland
0%
34Matthias Kleinsteiber
0%
3René Schneider
0%

Score Distribution

Percentile by Number Answered

Percent of People with Each Score

Your Score History

You have not taken this quiz